000 00626nam a2200241Ia 4500
001 42716
005 20240114003517.0
007 ta
008 080717s1903 g b000 u 465 u
040 _aCotton College,Assam
041 _a465
082 _a909
_bH 369 W
100 _aHelmolt, H.F .
245 0 _aThe World`s history-VoI III /
_cH.F.Helmolt.
_hTextual Documents
250 _aIst ed /
260 _alondon :
_bWilliam Heinemann ,
_c1903.
300 _a762p ;
_c25cm.
653 _aWorld history-History
653 _aT/G-History
942 _2ddc
_cBK
999 _c42682
_d42682